| 000 | 01611cam a22003851ib4500 | ||
|---|---|---|---|
| 003 | EG-ScBUE | ||
| 005 | 20250518091802.0 | ||
| 008 | 161023r19621934caua f b 000 0 eng d | ||
| 020 | _a0520009290 | ||
| 035 | _a(OCoLC)ocm01252537 | ||
| 035 | _a51318 | ||
| 035 | _a(InU)AAT7577SB | ||
| 035 | _a(InU)ACN5283KO | ||
| 040 |
_aEG-ScBUE _beng _erda _cEG-ScBUE _dEG-ScBUE |
||
| 041 | 1 |
_aeng _hlat |
|
| 082 | 0 | 4 |
_a531 _bNEW _222 |
| 100 | 1 |
_aNewton, Isaac, _96504 _cSir, _d1642-1727, _eauthor. |
|
| 245 | 1 | 0 |
_aSir Isaac Newton's mathematical principles : _bof natural philosophy and his system of the world. _nvolume 2, _pThe system of the world / _ctranslated into English by Andrew Motte ; the translations revised, and supplied with an historical and explanatory appendix, by Florian Cajori. |
| 246 | 3 | 0 | _aMathematical principles of natural philosophy and his system of the world |
| 246 | 3 | 0 | _aSystem of the world |
| 264 | 1 |
_aBerkeley : _bUniversity of California Press, _c1962. |
|
| 300 |
_a1 volume : _billustrations ; _c21 cm |
||
| 336 |
_2rdacontent _atext _btxt |
||
| 337 |
_aunmediated _2rdamedia _bn |
||
| 338 |
_avolume _bnc _2rdacarrier |
||
| 500 | _aIncludes reproduction of the t. p. of the 1st ed. of the Principia, London, 1687. | ||
| 504 | _aIncludes bibliographical references. | ||
| 546 | _aText in English ; translated from original Latin language. | ||
| 650 | 7 |
_aMechanics _xEarly works to 1800. _2BUEsh |
|
| 650 | 7 |
_aCelestial mechanics. _2BUEsh _96507 |
|
| 655 | _vReading book | ||
| 700 | 1 |
_aMotte, Andrew, _etranslator. |
|
| 700 | 1 |
_aCajori, Florian, _eeditor. |
|
| 942 |
_2ddc _cBB |
||
| 999 |
_c22799 _d22771 |
||